| 000 | 00747nam a22002057a 4500 | ||
|---|---|---|---|
| 003 | OSt | ||
| 005 | 20251105053810.0 | ||
| 008 | 251105b |||||||| |||| 00| 0 eng d | ||
| 020 | _a978-621-427-083-5 | ||
| 040 |
_aDWCL-Main lib _cOC |
||
| 082 | _aFil. 658.421 S487e 2021 | ||
| 100 | _aSerrano, Angelita Ong Camilar | ||
| 245 |
_aEntrepreneurial Mindset/ _cAngelita Ong Camilar Serrano |
||
| 260 |
_aManila, Philippines : Unlimited Books Services & Publishing Inc., c2021. _b Unlimited Books Services & Publishing Inc., _cc2021. |
||
| 300 |
_axii, 255 pages : _billustrations ; _c25cm |
||
| 504 | _aIncludes Bibliographical References | ||
| 650 | _a1. Entrepreneurship | ||
| 650 | _a2. Risk management | ||
| 942 |
_2ddc _cBK-FIL _kFil. _n0 |
||
| 999 |
_c5484 _d5484 |
||